000 00523nam a2200181Ia 4500
003 GCL
008 140319s9999 xx 000 0 ara d
040 _aGCL /
_cGCL
082 0 4 _a312
_bف ج
100 1 _aفتحى محمد ابوعيانة
245 1 0 _aجغرافية السكان /
_cفتحى محمد ابوعيانة
490 _aكتاب
_v0
650 0 4 _aالعلم
650 0 4 _aالسكان
650 0 4 _aالجغرافيا البشرية
650 0 4 _aالاحصائيات الحيوية
942 _2ddc
_cBK
999 _c40866
_d40866